Geografía de la población
I tiakina i:
| Kaituhi matua: | |
|---|---|
| Hōputu: | Pukapuka |
| Reo: | Pāniora |
| I whakaputaina: |
Buenos Aires
EUDEBA
1973
|
| Putanga: | 4a. ed |
| Rangatū: | Biblioteca Cultural: Cuadernos, 162
|
| Ngā marau: | |
| Ngā Tūtohu: |
Tāpirihia he Tūtohu
Kāore He Tūtohu, Me noho koe te mea tuatahi ki te tūtohu i tēnei pūkete!
|
MARC
| LEADER | 00000nam a2200000 a 4500 | ||
|---|---|---|---|
| 001 | UCU1991 | ||
| 003 | CL-VaPUC | ||
| 008 | 960419e19730000AG |||||||||||||||||spa|d | ||
| 082 | 0 | 4 | |a 304.66 |b GEO |2 21 |
| 100 | |a George, Pierre |e author |9 341155 | ||
| 245 | 1 | 0 | |a Geografía de la población |
| 250 | |a 4a. ed | ||
| 300 | |a 142 p | ||
| 942 | |c BK | ||
| 945 | |d 19960419 00:00:00 |a lriquelm | ||
| 260 | |a Buenos Aires |b EUDEBA |c 1973 | ||
| 650 | 0 | |a Geografía |9 259346 | |
| 650 | 0 | |a Demografía |9 260008 | |
| 650 | 0 | |a Poblaciones |9 338556 | |
| 650 | 0 | |a Sociología |9 255410 | |
| 650 | 7 | |a MIGRACIONES POBLACIONALES |2 CL-VaPUC |9 357703 | |
| 583 | |a last modification |c 19960419 00:00:00 |k Rodrigo Vera | ||
| 490 | 0 | |a Biblioteca Cultural: Cuadernos, 162 | |
| 999 | |c 246400 |d 246398 | ||
| 952 | |0 0 |1 0 |4 0 |6 304_660000000000000_GEO_1973 |7 0 |8 A |9 261348 |a BIBING |b BIBING |d 2019-11-19 |i 2017709 |o 304.66 GEO 1973 |p 2017709 |r 2025-01-20 |w 2019-11-19 |y BK |k ING | ||
| 952 | |0 0 |1 0 |4 0 |6 304_660000000000000_GEO_1973 |7 0 |8 A |9 261349 |a BIBING |b BIBING |d 2019-11-19 |i 2017652 |o 304.66 GEO 1973 |p 2017652 |r 2025-01-20 |w 2019-11-19 |y BK |k ING | ||
| 952 | |0 0 |1 0 |4 0 |6 304_660000000000000_GEO_1973 |7 0 |8 A |9 261350 |a BIBING |b BIBING |d 2019-11-19 |i 2017822 |o 304.66 GEO 1973 |p 2017822 |r 2025-01-20 |w 2019-11-19 |y BK |k ING | ||